<?xml version="1.0" encoding="UTF-8"?>
<record
    xmlns:xsi="http://www.w3.org/2001/XMLSchema-instance"
    xsi:schemaLocation="http://www.loc.gov/MARC21/slim http://www.loc.gov/standards/marcxml/schema/MARC21slim.xsd"
    xmlns="http://www.loc.gov/MARC21/slim">

  <leader>00987nam a22002654i 4500</leader>
  <datafield tag="999" ind1=" " ind2=" ">
    <subfield code="c">7734</subfield>
    <subfield code="d">7734</subfield>
  </datafield>
  <controlfield tag="001">991060914045906706</controlfield>
  <controlfield tag="003">OSt</controlfield>
  <controlfield tag="005">20230518184410.0</controlfield>
  <controlfield tag="008">230215s2023    sp            001 0bspa|c</controlfield>
  <datafield tag="017" ind1=" " ind2=" ">
    <subfield code="a">DL M 125-2023</subfield>
    <subfield code="b">Oficina DL Madrid</subfield>
  </datafield>
  <datafield tag="020" ind1=" " ind2=" ">
    <subfield code="a">9788417425081</subfield>
  </datafield>
  <datafield tag="040" ind1=" " ind2=" ">
    <subfield code="a">ES-BaBAB</subfield>
    <subfield code="b">cat</subfield>
    <subfield code="e">rda</subfield>
    <subfield code="c">CDMR</subfield>
  </datafield>
  <datafield tag="100" ind1="1" ind2=" ">
    <subfield code="a">G&#xE1;zquez Cano, M&#xED;riam,</subfield>
  </datafield>
  <datafield tag="245" ind1="1" ind2="0">
    <subfield code="a">Juan Ram&#xF3;n Masoliver :</subfield>
    <subfield code="b">edici&#xF3;n y cultura en la Barcelona de posguerra /</subfield>
    <subfield code="c">M&#xED;riam G&#xE1;zquez Cano ; pr&#xF3;logo de Jordi Gracia</subfield>
  </datafield>
  <datafield tag="264" ind1=" " ind2="1">
    <subfield code="a">Madrid :</subfield>
    <subfield code="b">Forcola Ediciones,</subfield>
    <subfield code="c">[2023]</subfield>
  </datafield>
  <datafield tag="300" ind1=" " ind2=" ">
    <subfield code="a">444 p&#xE0;gines ;</subfield>
    <subfield code="c">21 cm</subfield>
  </datafield>
  <datafield tag="490" ind1="1" ind2=" ">
    <subfield code="a">Colecci&#xF3;n Siglo XX ;</subfield>
    <subfield code="v">25</subfield>
  </datafield>
  <datafield tag="504" ind1=" " ind2=" ">
    <subfield code="a">Inclou notes, bibliografia: p&#xE0;gines 369-380 i &#xED;ndex</subfield>
  </datafield>
  <datafield tag="600" ind1="1" ind2="0">
    <subfield code="a">Masoliver, Juan Ram&#xF3;n</subfield>
    <subfield code="d">1910-1997</subfield>
    <subfield code="2">lemac</subfield>
    <subfield code="9">4039</subfield>
  </datafield>
  <datafield tag="650" ind1="0" ind2="7">
    <subfield code="a">Edici&#xF3;</subfield>
    <subfield code="z">Catalunya</subfield>
    <subfield code="z">Barcelona</subfield>
    <subfield code="x">Hist&#xF2;ria</subfield>
    <subfield code="y">S. XX.</subfield>
    <subfield code="2">lemac</subfield>
  </datafield>
  <datafield tag="650" ind1="0" ind2="0">
    <subfield code="a">Periodistes catalans</subfield>
    <subfield code="9">3139</subfield>
    <subfield code="v">Biografia</subfield>
  </datafield>
  <datafield tag="830" ind1=" " ind2="0">
    <subfield code="a">Siglo XX (F&#xF3;rcola Ediciones) ;</subfield>
    <subfield code="v">25</subfield>
  </datafield>
  <datafield tag="908" ind1=" " ind2=" ">
    <subfield code="a">BAB</subfield>
    <subfield code="a">UAB</subfield>
    <subfield code="a">COAC</subfield>
    <subfield code="a">UB</subfield>
  </datafield>
  <datafield tag="942" ind1=" " ind2=" ">
    <subfield code="2">udc</subfield>
    <subfield code="c">MON</subfield>
  </datafield>
  <datafield tag="952" ind1=" " ind2=" ">
    <subfield code="0">0</subfield>
    <subfield code="1">0</subfield>
    <subfield code="4">0</subfield>
    <subfield code="7">0</subfield>
    <subfield code="a">CDMR</subfield>
    <subfield code="b">CDMR</subfield>
    <subfield code="d">2023-05-18</subfield>
    <subfield code="e">Donaci&#xF3;</subfield>
    <subfield code="g">29.50</subfield>
    <subfield code="l">1</subfield>
    <subfield code="o">Du 1/199</subfield>
    <subfield code="p">CDMR23050009</subfield>
    <subfield code="r">2023-07-25</subfield>
    <subfield code="s">2023-07-17</subfield>
    <subfield code="w">2023-05-18</subfield>
    <subfield code="y">MON</subfield>
  </datafield>
</record>
